Fundación Carlos de Amberes (Record no. 184318)
[ view plain ]
| 000 -LEADER | |
|---|---|
| campo de control de longitud fija | 01086nam a2200277 i 4500 |
| 001 - NÚMERO DE CONTROL | |
| campo de control | 184318 |
| 003 - IDENTIFICADOR DE NÚMERO DE CONTROL | |
| campo de control | ES-MaACL |
| 005 - FECHA Y HORA DE LA ÚLTIMA TRANSACCIÓN | |
| campo de control | 20231117110847.0 |
| 008 - DATOS DE LONGITUD FIJA--INFORMACIÓN GENERAL | |
| campo de control de longitud fija | 150617s1996 sp aceo |||| | spa d |
| 020 ## - NÚMERO INTERNACIONAL ESTÁNDAR DEL LIBRO | |
| Número Internacional Estándar del Libro | 84-89569-00-2 |
| 080 ## - NÚMERO DE LA CLASIFICACIÓN DECIMAL UNIVERSAL | |
| Número de la Clasificación Decimal Universal | 614.21(460.27 M.)(091) |
| 100 1# - ENTRADA PRINCIPAL--NOMBRE DE PERSONA | |
| Nombre de persona | Vidal Galache, Florentina. |
| 9 (RLIN) | 157066 |
| 245 10 - MENCIÓN DEL TÍTULO | |
| Título | Fundación Carlos de Amberes |
| Resto del título | : historia del Hospital de San Andrés de los Flamencos, 1594-1994 / |
| Mención de responsabilidad, etc. | Florentina Vidal Galache, Benicia Vidal Galache. |
| 250 ## - MENCION DE EDICION | |
| Mención de edición | Ed. de 1.100 ejempl. |
| 260 ## - PUBLICACIÓN, DISTRIBUCIÓN, ETC. | |
| Lugar de publicación, distribución, etc. | Madrid : |
| Nombre del editor, distribuidor, etc. | Nerea : |
| -- | Fundación Carlos de Amberes, |
| Fecha de publicación, distribución, etc. | [1996] |
| 300 ## - DESCRIPCIÓN FÍSICA | |
| Extensión | 271 p. : |
| Otras características físicas | il. col. y n., fot., planos ; |
| Dimensiones | 29 cm. |
| 500 ## - NOTA GENERAL | |
| Nota general | Apéndice documental. |
| 500 ## - NOTA GENERAL | |
| Nota general | Índice onomástico. |
| 504 ## - NOTA DE BIBLIOGRAFÍA, ETC. | |
| Nota de bibliografía, etc. | Bibliografía: p. 257-266. |
| 610 27 - PUNTO DE ACCESO ADICIONAL DE MATERIA--NOMBRE DE ENTIDAD CORPORATIVA | |
| Nombre de entidad corporativa o nombre de jurisdicción como elemento de entrada | Hospital de San Andrés de los Flamencos (Madrid)- |
| Subdivisión de forma | Historia. |
| 9 (RLIN) | 157067 |
| 700 1# - ENTRADA AGREGADA--NOMBRE PERSONAL | |
| Nombre de persona | Vidal Galache, Benicia. |
| 9 (RLIN) | 157068 |
| 710 2# - ENTRADA AGREGADA--NOMBRE DE ENTIDAD CORPORATIVA | |
| Nombre de entidad corporativa o nombre de jurisdicción como elemento de entrada | Fundación Carlos de Amberes. |
| 9 (RLIN) | 4246 |
| 852 ## - LOCALIZACIÓN | |
| Ubicación | ES-MaACL |
| Número de control de estantería | A-13460 |
| itemnumber | 191314 |
| Sublocalización o colección | R.150150 |
| Ubicación en estantería | Depósito 1 |
| Signatura antigua | Olim: N-6460 |
| Encuadernación | enc. tela |
| 942 ## - ELEMENTOS DE ENTRADA SECUNDARIOS (KOHA) | |
| Fuente del sistema de clasificación o colocación | Clasificación decimal universal |
| Estatus retirado | Estado de pérdida | Fuente del sistema de clasificación o colocación | Estado de daño | No para préstamo | Biblioteca de origen | Biblioteca actual | Ubicación en estantería | Fecha de adquisición | Fuente de adquisición | Total de préstamos | Signatura topográfica completa | Código de barras | Visto por última vez | Precio de reemplazo | Tipo de ítem Koha |
|---|---|---|---|---|---|---|---|---|---|---|---|---|---|---|---|
| Clasificación decimal universal | Biblioteca del Ateneo de Madrid | Biblioteca del Ateneo de Madrid | Depósito 1 | 17/06/2015 | Donación | A-13460 | 1193907 | 23/02/2023 | 23/02/2023 | Libro impreso |
